00267 a2200109 4500001000700000020000600007040001100013100002700024240005100051245004600102362000900148169229 a  cMagnum aLima, Leonardo Pereira10aPratica de psicologia moderna - v.2 - h-plpor10aPratica de psicologia moderna - v.2 - h-p0 a1899